| 000 | 00892nam a2200253 a 4500 | ||
|---|---|---|---|
| 005 | 20250405063826.0 | ||
| 008 | 991125s1985 es 000 0 spa u | ||
| 020 | _a8427009011 | ||
| 035 | _aUPN01000006244 | ||
| 049 | _aCG | ||
| 050 | 4 |
_aLC4001 _bP76 no.6 |
|
| 100 | 1 |
_aBender, Michael, _d1943- _932079 |
|
| 245 | 1 | 0 |
_aCálculo y sus aplicaciones / _cMichael Bender, Peter J. Valletutti, Rosemary Bender ; tr. María N. Zaplan. |
| 260 |
_aBarcelona [Esp.] : _bFontanella : _bMartínez Roca, _c1985. |
||
| 300 |
_a167 p. : _bil. |
||
| 440 | 0 |
_aProgramas para la enseñanza del deficiente mental ; _v6 |
|
| 440 | 0 | _aBreviarios de conducta humana | |
| 650 | 4 |
_aEDUCACION ESPECIAL - _vPLANES Y PROGRAMAS _99477 |
|
| 650 | 7 |
_aCálculo _2 _94497 |
|
| 650 | 2 |
_aDeficiencia mental _910638 |
|
| 700 | 1 |
_aValletutti, Peter J., _ecoaut. _932080 |
|
| 700 | 1 |
_aBender, Rosemary, _ecoaut. |
|
| 905 | _aLibro | ||
| 999 |
_c6244 _d6244 |
||